000 00439nam a2200193Ia 4500
005 20250425161329.0
008 250425s9999 xx 000 0 und d
020 _a0135454689
041 _aeng
082 _a671.52
100 _aGRAHAM, EDGAR
245 0 _aMAINTENANCE WELDING
250 _a1ST ED.
260 _aENGLEWOOD
260 _aEstados Unidos
_bPRENTICE HALL
_c1985
300 _a336
942 _c01
010 _a17878
999 _c207047
_d207047